<?xml version="1.0" encoding="UTF-8"?>
<record
    xmlns:xsi="http://www.w3.org/2001/XMLSchema-instance"
    xsi:schemaLocation="http://www.loc.gov/MARC21/slim http://www.loc.gov/standards/marcxml/schema/MARC21slim.xsd"
    xmlns="http://www.loc.gov/MARC21/slim">

  <leader>00928nam a22002417a 4500</leader>
  <controlfield tag="001">BRCA_9191</controlfield>
  <controlfield tag="003">FranzMayer</controlfield>
  <controlfield tag="005">20220706162226.0</controlfield>
  <controlfield tag="008">220706b        |||||||| |||| 00| 0 spa d</controlfield>
  <datafield tag="040" ind1=" " ind2=" ">
    <subfield code="b">spa</subfield>
    <subfield code="c">MFM</subfield>
  </datafield>
  <datafield tag="041" ind1=" " ind2=" ">
    <subfield code="a">spa</subfield>
  </datafield>
  <datafield tag="050" ind1="0" ind2="4">
    <subfield code="a">TR365</subfield>
    <subfield code="b">M46 2019</subfield>
  </datafield>
  <datafield tag="100" ind1="1" ind2=" ">
    <subfield code="a">Mena Macedo, Margarita</subfield>
    <subfield code="e">autor.</subfield>
    <subfield code="9">28427</subfield>
  </datafield>
  <datafield tag="245" ind1="1" ind2="3">
    <subfield code="a">La representaci&#xF3;n femenina a trav&#xE9;s de la t&#xE9;cnica del daguerrotipo en el siglo XIX en M&#xE9;xico. (1839-1860) / </subfield>
    <subfield code="c">Margarita Mena Macedo</subfield>
  </datafield>
  <datafield tag="260" ind1=" " ind2=" ">
    <subfield code="a">Ciudad de M&#xE9;xico : </subfield>
    <subfield code="c">2019</subfield>
  </datafield>
  <datafield tag="300" ind1=" " ind2=" ">
    <subfield code="a">vi 335 p. :</subfield>
    <subfield code="b">il. y fot. ;</subfield>
    <subfield code="c">17 x 23 cm.</subfield>
  </datafield>
  <datafield tag="500" ind1=" " ind2=" ">
    <subfield code="a">Tesis Doctorado (Doctora en Historia) Universidad Iberoamericana</subfield>
  </datafield>
  <datafield tag="500" ind1=" " ind2=" ">
    <subfield code="a">Cat&#xE1;logo de muestra. Selecci&#xF3;n de daguerrotipos del archivo Franz Mayer (p. 315-334)</subfield>
  </datafield>
  <datafield tag="650" ind1="0" ind2=" ">
    <subfield code="a">Daguerrotipo</subfield>
    <subfield code="x">Historia</subfield>
    <subfield code="x">T&#xE9;cnica</subfield>
    <subfield code="y">1839-1860</subfield>
    <subfield code="z">M&#xE9;xico</subfield>
    <subfield code="9">28428</subfield>
  </datafield>
  <datafield tag="651" ind1=" " ind2=" ">
    <subfield code="a">M&#xE9;xico</subfield>
    <subfield code="x">Daguerrotipo</subfield>
    <subfield code="z">Mujeres</subfield>
    <subfield code="9">28429</subfield>
  </datafield>
  <datafield tag="942" ind1=" " ind2=" ">
    <subfield code="2">lcc</subfield>
    <subfield code="c">TES</subfield>
  </datafield>
  <datafield tag="999" ind1=" " ind2=" ">
    <subfield code="c">10810</subfield>
    <subfield code="d">10810</subfield>
  </datafield>
  <datafield tag="952" ind1=" " ind2=" ">
    <subfield code="0">0</subfield>
    <subfield code="1">0</subfield>
    <subfield code="2">lcc</subfield>
    <subfield code="4">0</subfield>
    <subfield code="7">0</subfield>
    <subfield code="a">BRCA</subfield>
    <subfield code="b">BRCA</subfield>
    <subfield code="d">2022-07-06</subfield>
    <subfield code="l">0</subfield>
    <subfield code="o">TR365 M46 2019</subfield>
    <subfield code="p">TES00069</subfield>
    <subfield code="r">2022-07-06 00:00:00</subfield>
    <subfield code="t">1</subfield>
    <subfield code="w">2022-07-06</subfield>
    <subfield code="y">TES</subfield>
  </datafield>
</record>
